000 00351 a2200157 4500
001 186903
020 _a85-08-03275-4
040 _cMagnum
100 _aWood, Audrey
240 1 0 _aO Rei Bigodeira e sua banheira
_lpor
245 1 0 _aO Rei Bigodeira e sua banheira
300 _a32
362 0 _a2012
697 _aLITERATURA INFANTO
942 _cBK
999 _c186903
_d186903